छिपी हुई औरत और अन्य कहानियाँ / (Record no. 37130)

MARC details
000 -LEADER
fixed length control field 03046nam a22003617a 4500
005 - DATE AND TIME OF LATEST TRANSACTION
control field 20100720114950.0
010 ## - LCCN (DPL NO)
LC control number HIN-89729 B-433618-627
020 ## - INTERNATIONAL STANDARD BOOK NUMBER
Terms of availability 250.00
International Standard Book Number 9788181439697
035 ## - SYSTEM CONTROL NUMBER
System control number HN-62075
035 ## - SYSTEM CONTROL NUMBER
System control number B-433618-627
037 ## - SOURCE OF ACQUISITION
Source of stock number/acquisition DBAD / PUB
037 ## - SOURCE OF ACQUISITION
Source of stock number/acquisition बल्यू बैरी
082 ## - DEWEY DECIMAL CLASSIFICATION NUMBER
Classification number
100 ## - MAIN ENTRY--PERSONAL NAME
Personal name शरद सिंह
245 ## - TITLE STATEMENT
Title छिपी हुई औरत और अन्य कहानियाँ /
Statement of responsibility, etc शरद सिंह
246 ## - VARYING FORM OF TITLE
Title proper/short title Chhipi hui aurat aur anya Kahaniyan
Remainder of title by Sharad Singh
260 ## - PUBLICATION, DISTRIBUTION, ETC. (IMPRINT)
Place of publication, distribution, etc नई दिल्ली
Name of publisher, distributor, etc वाणी प्रकाशन
Date of publication, distribution, etc 2009
270 ## - ADDRESS
Address 4695, 21-ए, दरियागंज
City नई दिल्ली
Postal code 110002
300 ## - PHYSICAL DESCRIPTION
Extent 175पृ.
Other physical details 22 सेमी. (सजिल्द)
942 ## - ADDED ENTRY ELEMENTS (KOHA)
Source of classification or shelving scheme Dewey Decimal Classification
Item type Hindi Books
Classification part
Call number suffix शरद
Holdings
Withdrawn status Lost status Not for loan Collection code Home library Current library Date acquired Source of acquisition Cost, normal purchase price Full call number Barcode Copy number Cost, replacement price Koha item type
      Fiction Andrews Gunj Andrews Gunj 22/07/2011 बल्यू बैरी/6362/25.3.11/79/15.3.11/31.3.11 250.00 क शरद B-433623 1 250.00 Hindi Books
      Fiction Central Library Central Library 22/07/2011 बल्यू बैरी/6362/25.3.11/79/15.3.11/31.3.11 250.00 क शरद B-433618 2 250.00 Hindi Books
      Fiction Central Library Central Library 22/07/2011 बल्यू बैरी/6362/25.3.11/79/15.3.11/31.3.11 250.00 क शरद B-433619 2 250.00 Hindi Books
    Not For Loan Fiction D.B.Act.Division D.B.Act.Division 21/07/2010 DBAD / PUB 250.00 क शरद HN-62075 1 250.00 Hindi Books
      Fiction Patel Nagar Patel Nagar 22/07/2011 बल्यू बैरी/6362/25.3.11/79/15.3.11/31.3.11 250.00 क शरद B-433620 1 250.00 Hindi Books
      Fiction Qila Rai Pithora Qila Rai Pithora 22/07/2011 बल्यू बैरी/6362/25.3.11/79/15.3.11/31.3.11 250.00 क शरद B-433625 1 250.00 Hindi Books
      Fiction R.K.Puram-8 R.K.Puram-8 22/07/2011 बल्यू बैरी/6362/25.3.11/79/15.3.11/31.3.11 250.00 क शरद B-433622 1 250.00 Hindi Books
      Fiction Sarojini Nagar Sarojini Nagar 22/07/2011 बल्यू बैरी/6362/25.3.11/79/15.3.11/31.3.11 250.00 क शरद B-433621 1 250.00 Hindi Books
      Fiction Shahdara Branch Shahdara Branch 22/07/2011 बल्यू बैरी/6362/25.3.11/79/15.3.11/31.3.11 250.00 क शरद B-433627 1 250.00 Hindi Books
      Fiction Sriniwas Puri Sriniwas Puri 22/07/2011 बल्यू बैरी/6362/25.3.11/79/15.3.11/31.3.11 250.00 क शरद B-433624 1 250.00 Hindi Books
      Fiction Vinoba Puri Vinoba Puri 22/07/2011 बल्यू बैरी/6362/25.3.11/79/15.3.11/31.3.11 250.00 क शरद B-433626 1 250.00 Hindi Books

© Delhi Public Library
Hit Counter
free hit counter